LIBRARY & INFORMATION CENTRE, KCAET, TAVANUR

ONLINE PUBLIC ACCESS CATALOGUE (OPAC)

Principles of sprinkler irrigation (Record no. 13960)

MARC details
000 -LEADER
fixed length control field 00308nam a22001337a 4500
020 ## - INTERNATIONAL STANDARD BOOK NUMBER
ISBN 9788183601504
082 ## - DEWEY DECIMAL CLASSIFICATION NUMBER
Classification number 631.5871
Item number MAN/PR
100 ## - MAIN ENTRY--AUTHOR NAME
Personal name Mane, M.S
245 ## - TITLE STATEMENT
Title Principles of sprinkler irrigation
250 ## - EDITION STATEMENT
Edition statement 2nd
260 ## - PUBLICATION, DISTRIBUTION, ETC. (IMPRINT)
Place of publication New Delhi
Name of publisher Jain Brothers
Year of publication 2011
700 ## - ADDED ENTRY--PERSONAL NAME
Personal name Ayare, B.L
942 ## - ADDED ENTRY ELEMENTS (KOHA)
Koha item type Books
Holdings
Withdrawn status Lost status Damaged status Collection code Home library Current library Shelving location Date acquired Source of acquisition Cost, normal purchase price Full call number Accession Number Koha item type
      Non-fiction KAUAET KAUAET General Stacks 30/03/2013 Neoti Book Agency 175.00 631.5871 MAN/PR 23869 Books
      Non-fiction KAUAET KAUAET General Stacks 30/03/2013 Neoti Book Agency 175.00 631.5871 MAN/PR 23870 Books
      Non-fiction KAUAET KAUAET General Stacks 30/03/2013 Neoti Book Agency 175.00 631.5871 MAN/PR 23871 Books
        KAUAET KAUAET Scheme 11/07/2022 TBS PUBLISHERS AND DISTRIBUTERS 195.00 631.5871 MAN/PR BB 646 Book Bank scheme for SC students
free website counter